Biodegradácia polychlórovaných bifenylov (PCB) vo vodných systémoch
Salvato in:
| Autore principale: | |
|---|---|
| Altri autori: | |
| Natura: | Manoscritto Libro |
| Lingua: | slovacco |
| Pubblicazione: |
2015
|
| Soggetti: | |
| Accesso online: | http://is.stuba.sk/zp/portal_zp.pl?podrobnosti=113085 |
| Tags: |
Nessun Tag, puoi essere il primo ad aggiungerne!!
|
MARC
| LEADER | 00000ntm a22000003a 4500 | ||
|---|---|---|---|
| 001 | stuzp52525 | ||
| 003 | SK-STU | ||
| 005 | 20160719154211.0 | ||
| 007 | ta | ||
| 008 | 150427s2015----xo-----f-mn---000-0-slo-d | ||
| 040 | |a STU |b slo | ||
| 041 | 0 | |a slo | |
| 100 | 1 | |a Horváthová, Hana |u 044310 |4 aut |U FCHPT Ústav biotechnológie a potravinárstva |T FCHPT Oddelenie biochemickej technológie |X 69375 |U C4310 |Y 116 |7 69375 | |
| 242 | 0 | 1 | |a Biodegradation of Polychlorinated Biphenyls (PCBs) in Aquatic Systems |y eng |
| 245 | 1 | 0 | |a Biodegradácia polychlórovaných bifenylov (PCB) vo vodných systémoch |
| 260 | |c 2015 | ||
| 650 | 4 | |a biodegradácia |2 slo | |
| 650 | 4 | |a PCB |2 slo | |
| 650 | 4 | |a surfaktant |2 slo | |
| 650 | 4 | |a nanoželezo |2 slo | |
| 650 | 4 | |a biodegradation |2 eng | |
| 650 | 4 | |a PCB |2 eng | |
| 650 | 4 | |a surfactant |2 eng | |
| 650 | 4 | |a nanoiron |2 eng | |
| 700 | 1 | |a Dercová, Katarína, |d 1955- |4 ths |X 3334 |7 A000003334 | |
| 856 | 4 | |u http://is.stuba.sk/zp/portal_zp.pl?podrobnosti=113085 | |
| SQL | |a stuzp52525 |b DDP |c SLO |d Biodegradácia polychlórovaných bifenylov (PCB) vo vodných systémoch |e 69375 |f Horváthová, Hana |g 044310 |h 3334 |i Dercová, Katarína |j 20150608 |k 560 |l 04 |m http://is.stuba.sk/zp/portal_zp.pl?podrobnosti=113085 |n I-BIOTE |o 5.2.25. biotechnológie | ||